Sports Quiz

Random Sports or NBA Quiz

NBA 3-1 Comebacks Quiz Stats

 Plays Quiz Updated Jun 20, 2016

Score 0/11 Timer 01:30
10 Plays Today
Year Team % Correct
2016Cleveland Cavaliers
96.5%
2016Golden State Warriors
95.1%
1970Los Angeles Lakers
82.7%
1981Boston Celtics
79.3%
1968Boston Celtics
79.2%
1995Houston Rockets
70.9%
2015Houston Rockets
70.7%
1997Miami Heat
66.1%
2006Phoenix Suns
60.7%
2003Detroit Pistons
53.5%
1979Washington Bullets
37.4%

You're not logged in!

Compare scores with friends on all Sporcle quizzes.
OR
Log In

Show Comments

Extras

Top Quizzes Today


Score Distribution

Your Account Isn't Verified!

In order to create a playlist on Sporcle, you need to verify the email address you used during registration. Go to your Sporcle Settings to finish the process.

Report this User

Report this user for behavior that violates our Community Guidelines.

Details: